|
|
|
|
| LEADER |
00000nab a2200000 a 4500 |
| 001 |
vtls009323973 |
| 003 |
SK-MaSNL |
| 005 |
20260305033256.0 |
| 008 |
171110c2008 xo wr 0 0slo |
| 038 |
|
|
|a SLLK
|
| 040 |
|
|
|a SLLK
|b slo
|c sllk
|e AACR2
|
| 041 |
|
|
|a slo
|
| 044 |
|
|
|a xo
|c SK
|
| 080 |
|
|
|a 796.422.16
|2 1997
|
| 245 |
0 |
0 |
|a Štartoval ho knieža Albert
|c Text (bk) ; foto (archív L.S.)
|
| 300 |
|
|
|b Fotogr.
|
| 600 |
1 |
7 |
|a Smoroň, Ladislav
|2 snkbucl
|9 1023353
|
| 611 |
2 |
7 |
|a Monacký maratón
|n ( 8. :
|d 2008 :
|c Monako)
|2 snkbucl
|9 1613590
|
| 648 |
|
7 |
|a 2008
|2 snkbucl
|9 317238
|
| 650 |
0 |
7 |
|a šport
|2 snkbucl
|9 1042
|
| 650 |
0 |
7 |
|a beh na dlhé trate
|2 snkbucl
|9 73358
|
| 650 |
0 |
7 |
|a maratón
|2 snkbucl
|9 22999
|
| 651 |
|
7 |
|a Nová Ľubovňa (Slovensko)
|2 snkbucl
|9 22366
|
| 651 |
|
7 |
|a Stará Ľubovňa (Slovensko : okres)
|2 snkbucl
|9 19196
|
| 773 |
0 |
|
|t Ľubovnianske noviny
|g Roč. XXXIV, č. 16 (2008), s. 8
|
| 999 |
|
|
|c 3323607
|d 3325537
|